| 000 | 01113nam a2200289Ia 4500 | ||
|---|---|---|---|
| 001 | ebr5000116 | ||
| 003 | CaPaEBR | ||
| 006 | m u | ||
| 007 | cr cn||||||||| | ||
| 008 | 750904r20011921onc s 000 0 eng d | ||
| 040 |
_aCaPaEBR _cCaPaEBR |
||
| 035 | _a(OCoLC)70720566 | ||
| 050 | 1 | 4 |
_aHC106.3 _b.N4 2001eb |
| 100 | 1 |
_aVeblen, Thorstein, _d1857-1929. |
|
| 245 | 1 | 4 |
_aThe Engineers and the price system _h[electronic resource] / _cThorstein Veblen. |
| 260 |
_aKitchener, Ont. : _bBatoche, _c2001. |
||
| 300 | _a104 p. | ||
| 500 | _aOriginally published : [S.l. : s.n.], 1921. | ||
| 533 |
_aElectronic reproduction. _bPalo Alto, Calif. : _cebrary, _d2009. _nAvailable via World Wide Web. _nAccess may be limited to ebrary affiliated libraries. |
||
| 650 | 0 | _aIndustries. | |
| 650 | 0 | _aIndustrial efficiency. | |
| 650 | 0 | _aCapitalism. | |
| 651 | 0 |
_aUnited States _xEconomic conditions _y1918-1945. |
|
| 655 | 7 |
_aElectronic books. _2local |
|
| 710 | 2 | _aebrary, Inc. | |
| 856 | 4 | 0 |
_uhttp://site.ebrary.com/lib/rucke/Doc?id=5000116 _zAn electronic book accessible through the World Wide Web; click to view |
| 999 |
_c2151 _d2151 |
||